Allah Mian Ji اللہ میاں جی / (Record no. 188728)
[ view plain ]
| 000 -LEADER | |
|---|---|
| fixed length control field | 00438 a2200169 4500 |
| 003 - CONTROL NUMBER IDENTIFIER | |
| control field | Nust |
| 005 - DATE AND TIME OF LATEST TRANSACTION | |
| control field | 20230329111834.0 |
| 028 ## - PUBLISHER NUMBER | |
| Publisher number | Umi press lahore |
| 040 ## - CATALOGING SOURCE | |
| Transcribing agency | Nust |
| 082 ## - DEWEY DECIMAL CLASSIFICATION NUMBER | |
| Classification number | 891.439,BUS |
| 100 ## - MAIN ENTRY--PERSONAL NAME | |
| Personal name | Rehman, Bushra |
| 9 (RLIN) | 110083 |
| 245 ## - TITLE STATEMENT | |
| Title | Allah Mian Ji اللہ میاں جی / |
| Statement of responsibility, etc. | Bushra Rehman |
| 260 ## - PUBLICATION, DISTRIBUTION, ETC. | |
| Place of publication, distribution, etc. | Lahore |
| Name of publisher, distributor, etc. | Umi Presss |
| Date of publication, distribution, etc. | 1989 |
| 300 ## - PHYSICAL DESCRIPTION | |
| Extent | 319p. |
| 538 ## - SYSTEM DETAILS NOTE | |
| System details note | Almirah No.67, Shelf No.1 |
| 942 ## - ADDED ENTRY ELEMENTS (KOHA) | |
| Source of classification or shelving scheme | |
| Koha item type | Book |
| Call number prefix | 891.439,BUS |
| Withdrawn status | Lost status | Source of classification or shelving scheme | Damaged status | Not for loan | Permanent Location | Current Location | Shelving location | Date acquired | Full call number | Barcode | Date last seen | Price effective from | Koha item type | Public note |
|---|---|---|---|---|---|---|---|---|---|---|---|---|---|---|
| Military College of Signals (MCS) | Military College of Signals (MCS) | Fiction | 12/12/2016 | 891.439,BUS | MCS34730 | 12/08/2016 | 12/12/2016 | Book | Almirha No 65, Shelf No 3 |
